00542nam a2200133 i 4500001000700000003000900007005001700016008004100033100003500074245005400109260009800163300002100261852012600282165653ES-MaACL20250709063222.0050831s1864 sp |||| | spa d1 aSouvestre, Émile,d1806-185413aEl mendigo de San Roque / cpor Emilio Souvestre. aMadrid : bLas Novedades, c1864 (fImp. de Las Novedades, a cargo de A. Querol y Caparrós) a77 p. ; c22 cm. aES-MaACLjG-4760(8) z- Enc. hol., falto de la enc. original z. - Legado de M. de la Fuente z- Enc. en un vol. facticio